000 00506nam a22001577a 4500
003 NUST
038 _aNusrat Nadeem
082 _a200
100 _aAhmad, Aizaz
_9133139
245 _aSecure SATCOM Systems: Design and Optimization against Eavesdropping/
_cAizaz Ahmad,
264 _aIslamabad:
_bSEECS NUST.
_c2026.
650 _aMS-Electrical Engineering
_923567
700 _aSupervisor: Dr. Syed Ali Hassan
_996705
856 _uhttp://10.250.8.41:8080/xmlui/handle/123456789/57348
942 _2ddc
_cSC
999 _c616151
_d616151